Città romane perdute - Statistics

Statistiche generali
  • Questo quiz è stato fatto 50 volte
  • Il punteggio medio è 9 su 14
Statistiche sulle risposte
Città Paese % Corretto
Alba Longa Italia
100%
Pompei Italia
93%
Herculaneum Italia
80%
Altinum Italia
78%
Baia Italia
75%
Palmyra Siria
75%
Thebae Egitto
63%
Leptis Magna Libia
58%
Gabii Italia
53%
Ctesiphon Iraq
43%
Ulpia Traiana Sarmizegetusa Romania
43%
Carnuntum Austria
35%
Emporiae Spagna
30%
Thamugadi Algeria
28%
Nessun quiz corrispondente trovato
Distribuzione punteggi
Percentuale di utenti per punteggio
Percentile per numero di risposta
I tuoi punteggi nel tempo
Non hai fatto questo quiz